000
00299nam a2200145Ia 4500
100
_a
Sinha/M.P.
942
_c
BK
654
_a
Satellite
245
_a
Satellite communictions
260
_b
Nandu Pub
_a
Mumbai
_c
1998
082
_a
621.382
_b
SIN
300
_a
118
546
_a
ENGLISH
999
_c
32264
_d
32264